Historia de la provincia de Santiago de México, orden de predicadores en la Nueva España /
Historia que abarca un período de cincuenta y cuatro años, contados desde 1591, de la historia de la orden de Santo Domingo en México. Es una continuación de aquella escrita por Hernando de Ojea publicada en 1597.
Gardado en:
| Autor Principal: | |
|---|---|
| Outros autores: | |
| Formato: | Libro |
| Idioma: | Lingua castelá |
| Temas: | |
| Etiquetas: |
Sen Etiquetas, Sexa o primeiro en etiquetar este rexistro!
|
MARC
| LEADER | 00000nam^a2200000^a^4500 | ||
|---|---|---|---|
| 001 | 000132431 | ||
| 005 | 20250526000000.0 | ||
| 009 | 20260310095058.175 | ||
| 037 | |a Acervo ITESO - Biblioteca | ||
| 041 | |a ESP | ||
| 082 | |a 972. 03 |b FRA V. 2 | ||
| 100 | |a Franco y Ortega, Alonso |e (autor) | ||
| 240 | 1 | 1 | |a [Historia de la provincia de Santiago de México] |
| 245 | 1 | 0 | |a Historia de la provincia de Santiago de México, orden de predicadores en la Nueva España / |c A. Franco y Ortega ; introd. de J.M. de Agreda y Sánchez. |
| 264 | |a México : |b Museo Nacional, |c 1900 | ||
| 300 | |a 573 p. ; |c 30.5 cm. | ||
| 520 | |a Historia que abarca un período de cincuenta y cuatro años, contados desde 1591, de la historia de la orden de Santo Domingo en México. Es una continuación de aquella escrita por Hernando de Ojea publicada en 1597. | ||
| 649 | |a XX | ||
| 650 | |a Dominicos en México - |x Historia | ||
| 650 | |a Monasticismo y Ordenes Religiosas - |z México - |x Historia | ||
| 650 | |a Iglesia Católica en México - |x Historia | ||
| 650 | |a México - |x Historia - |y Virreinato, 1535-1821 | ||
| 650 | |a México - |x Historia - |y Epoca Colonial, 1517-1821 | ||
| 700 | |a Agreda y Sánchez, José María de |e (introducción) | ||
| 910 | |a Fondo Salvador Reynoso Reynoso | ||
| 920 | |a Impresos - Libros | ||
| 930 | |a Libros Antiguos y Raros | ||
| 905 | |a 108 | ||
| 901 | |a 0800012942 |b IT2 |c LRA |u 20250526 | ||
| 902 | |a https://opac.biblio.iteso.mx/vufind/Record/000132431 | ||